| 000 | 01221nam a2200361Mi 4500 | ||
|---|---|---|---|
| 001 | 50697 | ||
| 005 | 20230411090004.0 | ||
| 008 | 000601s2000 sp 000 0 spa d | ||
| 035 | _a(OCoLC)ocm44182659 | ||
| 040 |
_aPL# _bspa _cPL# _dI5B _dEL$ |
||
| 020 | _a8472901378 | ||
| 020 | _a9788472901377 | ||
| 029 | 0 |
_aPL# _b8472901378 |
|
| 029 | 1 |
_aI5B _b107654 |
|
| 029 | 1 |
_aNLGGC _b241560683 |
|
| 035 | _a(OCoLC)44182659 | ||
| 049 | _aGRAL | ||
| 245 | 0 | 0 |
_aChina en transición : _bsociedad, cultura, política y economía / _cTaciana Fisac y Steve Tsang, eds. |
| 260 |
_aBarcelona : _bEdiciones Bellaterra, _cc2000. |
||
| 300 |
_a439 p. : _bil. ; _c22 cm. |
||
| 440 | 0 |
_aBiblioteca de China contemporánea ; _v7 |
|
| 500 | _aBibliografía al final de cada capítulo . -- âIndice. | ||
| 653 |
_aChina _aAspectos sociológicos. |
||
| 653 |
_aChina _aAspectos políticos. |
||
| 653 |
_aChina _aAspectos económicos. |
||
| 651 | 4 |
_aChina _xCondiciones sociales _ySiglo XX. |
|
| 700 | 1 |
_aFisac Badell, Taciana, _eed. |
|
| 700 | 1 |
_aTsang, Steve, _eed. |
|
| 938 |
_aPuvill Libros _bPUVL _n8472901378 _c$24.82 |
||
| 938 |
_aIberbook International S.L. _bIBER _n107654 _cP4000 |
||
| 942 |
_2lcc _cbk |
||
| 994 |
_aC0 _bDRFGD |
||
| 999 |
_c110501 _d110501 |
||